000 00858nabaa22001937a 4500
999 _c6102
_d6102
003 OSt
005 20260122081919.0
008 190701b xxu||||| |||| 00| 0 spa d
040 _cPJ
100 _96870
_aLacava, Federico
245 1 0 _aBurocracia defensiva y responsabilidad del Estado /
_cFederico Lacava.
300 _ap. 10-27
505 _aSumario: I. Introducción.— II. La burocracia defensiva.— III. Responsabilidad por la administración defensiva.— IV. Opiniones conclusivasa modo de cierre.
505 _t¿Te interesa el texto completo? Comunicate al correo: koha@justierradelfuego.gov.ar
650 0 _9211
_aDERECHO ADMINISTRATIVO
650 0 _91215
_aRESPONSABILIDAD DEL ESTADO
773 0 _02842
_93251
_dBuenos Aires : AbeledoPerrot, 2012-
_oDA121
_tDerecho administrativo. Nº 145 enero/febrero 2023
_z18510590
942 _2udc
_cANA